Sherlock Holmes, Volume II / (Record no. 217)

MARC details
000 -LÍDER
campo de controle de tamanho fixo 02021nam a2200385 4500
001 - NÚMERO DE CONTROLE
campo de controle 217
003 - IDENTIFICADOR DO NÚMERO DE CONTROLE
campo de controle OSt
005 - DATA E HORÁRIO DA ÚLTIMA TRANSAÇÃO
campo de controle 20250528074015.0
008 - CAMPO DE DADOS FIXOS--INFORMAÇÃO GERAL
campo de controle de tamanho fixo 250203b |||||||g |||| 00| 1 eng d
020 ## - ISBN - INTERNATIONAL STANDARD BOOK NUMBER
ISBN - International Standard Book Number 9788508067695
040 ## - FONTE DA CATALOGAÇÃO
Idioma da catalogação por
041 ## - CÓDIGO DE IDIOMA
Código do idioma do original e/ou traduções intermediárias do texto eng
Código do idioma do texto/trilha sonora ou título diferente por
082 ## - CDD - CLASSIFICAÇÃO DECIMAL DE DEWEY
Número de Classificação 823
Número do exemplar D754s
100 1# - ENTRADA PRINCIPAL--NOME PESSOAL
Nome pessoal Doyle, Arthur Conan,
Datas associadas ao nome 1859-1930
9 (RLIN) 388
240 ## - TÍTULO UNIFORME
Título uniforme Memories of Sherlock Holmes, The return of Sherlock Holmes, The hound of the Baskervilles
245 ## - TÍTULO
Título Sherlock Holmes, Volume II /
Indicação de responsabilidade, etc. Doyle, Arthur Conan ; Tradução de Áurea de Brito Weissenberg, Flávio Mello e Silva e Arnaldo Viriato de Medeiros
260 ## - PUBLICAÇÃO, DISTRIBUIÇÃO, ETC.
Local de publicação, distribuição, etc. Rio de Janeiro
Nome do editor, distribuidor, etc. Ediouro
Data da publicação, distribuição, etc. 2002
300 ## - DESCRIÇÃO FÍSICA
Extensão 597 p.
490 1# - TÍTULO DA SÉRIE
Título da série Obra completa / Sherlock Holmes
Número do volume ou designação sequencial da série vol. 02
520 ## - NOTA DE RESUMO, ETC.
Resumo, etc. Neste volume: Memórias de Sherlock Holmes (contos), A Volta de Sherlock Holmes (contos) e O Cão dos Baskervilles.<br/><br/><br/><br/>Os fatos são contundentes. O povo tomou conta de Holmes. Chegou a crer na sua existência. Nenhum personagem de ficção tem no mundo mais vasta bibliografia, com toda uma gama de estudos, dos mais ingênuos aos mais eruditos; ninguém, fictício ou real, foi alvo de tantas representações teatrais, cinematográficas, em histórias em quadrinhos, em palavras cruzadas, em seriados de TV; ninguém multiplicou um gênero (literatura policial) em proporções de tiragens tão astronômicas. Os "holmistas" existiram desde a primeira hora e continuam surgindo no fluir das gerações. Holmes não tem leitores, tem devotos.
650 #0 - ASSUNTO--TERMO TÓPICO
Cabeçalho tópico ou nome geográfico Literatura Inglesa
9 (RLIN) 89
650 #0 - ASSUNTO--TERMO TÓPICO
Cabeçalho tópico ou nome geográfico Crime e Investigação
9 (RLIN) 13
650 #0 - ASSUNTO--TERMO TÓPICO
Cabeçalho tópico ou nome geográfico Romance Policial
9 (RLIN) 11
650 #0 - ASSUNTO--TERMO TÓPICO
Cabeçalho tópico ou nome geográfico Suspense
9 (RLIN) 10
650 #0 - ASSUNTO--TERMO TÓPICO
Cabeçalho tópico ou nome geográfico Mistério
9 (RLIN) 42
650 #0 - ASSUNTO--TERMO TÓPICO
Cabeçalho tópico ou nome geográfico Clássicos
9 (RLIN) 77
650 #0 - ASSUNTO--TERMO TÓPICO
Cabeçalho tópico ou nome geográfico Filme
9 (RLIN) 26
655 #0 - TERMO DE ÍNDICE--GÊNERO E FORMA
Gênero/forma/ou termo foco Romance
655 #0 - TERMO DE ÍNDICE--GÊNERO E FORMA
Gênero/forma/ou termo foco Ficção
700 ## - ENTRADA ADICIONADA - NOME PESSOAL
Nome pessoal Aurea Weissenberg
Função do autor por extenso Tradutor
9 (RLIN) 153
700 ## - ENTRADA ADICIONADA - NOME PESSOAL
Nome pessoal Flávio Mello e Silva
Função do autor por extenso Tradutor
9 (RLIN) 404
700 ## - ENTRADA ADICIONADA - NOME PESSOAL
Nome pessoal Arnaldo Viriato de Medeiros
Função do autor por extenso Tradutor
9 (RLIN) 405
830 ## - ENTRADA SECUNDÁRIA DE SÉRIE--TÍTULO UNIFORME
Título uniforme Obra completa / Sherlock Holmes
Número do volume ou designação sequencial da série vol. 02
9 (RLIN) 400
942 ## - ELEMENTOS DE ENTRADA ADICIONADOS (KOHA)
Fonte de classificação ou esquema de arquivamento Classificação decimal de Dewey
Ocultar no OPAC Não
Tipo de material Koha Livros
Holdings
Situação do descarte Situação das perdas Fonte de classificação ou esquema de arquivamento Materiais especificados (volume encadernado ou outra parte) Status danificado Não pode ser emprestado Coleção Biblioteca de origem Biblioteca atual Localização na estante Data de aquisição Fonte de aquisição Total de empréstimos Número de chamada completo Código de barras Data de último acesso Data do preço efetivo Tipo de material Koha
    Classificação decimal de Dewey vol. 02     Ficção Biblioteca Professor Eduardo Afonso de Castro Biblioteca Professor Eduardo Afonso de Castro Literatura Estrangeira 30.11.2016 doação   823 / D754s 2025-15418 31.01.2025 31.01.2025 Livros

Powered by Koha